00454 a2200169 4500001000700000003000400007005001700011008004100028020001800069082001800087100002100105245005400126260003900180300000900219653001500228653004100243149722OSt20211028165718.0  a9788173198007 a519.542bB22B1 aBansal, Ashok K.1 aBayesian parametric inferencecby Ashok K. Bansal aNew DelhibNarosa Publishingc2007 av.p. aStatistics aBayesian statistical decision theory